00435 2200157 4500001002100000005001500021035002000036245008700056100002500143300001200168260004100180082000800221084001400229020002200243990001200265INLIS00000000000185820250515092542 a0010-05250001501 aTerapi Anxiety :bMengolah Kegelisahan Menjadi Kebahagiaan /cAhmad Zacky El Syafa0 aAhmad Zacky El Syafa a164 hlm aYogyakarta :bChecklist Media,c2024 a100 a100 AHM t a978-623-8114-33-7 a0754822